| 000 | 01102nas a2200337 4500 | ||
|---|---|---|---|
| 001 | BR2013005235 | ||
| 003 | BR-BrBNA | ||
| 005 | 20231205122601.0 | ||
| 007 | ta | ||
| 008 | 230509b bl.|||p| |||| 00| 00por d | ||
| 040 |
_aBR-BrBNA _bpor _cBiblioteca Nacional de Agricultura |
||
| 041 | _a(Pt) | ||
| 072 | _aU40; K01 | ||
| 100 | 1 | _aMello, A.Y.I. de | |
| 100 | 1 | _aAlves, D.S. | |
| 100 | 1 | _aLinhares, C.A. | |
| 100 | 1 | _aLima, F.B. de | |
| 100 | 1 | _a | |
| 100 | 1 | _a | |
| 100 | 1 | _a | |
| 245 | 1 | _aAvaliação de técnicas de classificação digital de imagens landsat em diferentes padrões de cobertura da terra em Rondônia | |
| 246 | 1 | _aClassification techniques for landsat tm imagery under different landscape patterns in Rondônia | |
| 650 | _aFLORESTA | ||
| 650 | _aSENSORIAMENTO REMOTO | ||
| 650 | _aUSO DA TERRA | ||
| 650 | _a | ||
| 773 | 0 |
_tRevista Árvore (Brazil) _xISSN 0100-6762 _g(May-Jun 2012), v. 36(3) p. 537-547 _wBR2013005235 |
|
| 856 | 4 | 0 | _uhttp://www.scielo.br/pdf/rarv/v36n3/v36n3a16.pdf |
| 909 |
_a202311 _bLúcia _c55 _dLúcia Elande |
||
| 942 |
_2AGRIS _n0 _cANA |
||
| 999 |
_c229416 _d229416 |
||